Govt. of
Madhya Pradesh

Normal view MARC view

Entry Personal Name

Number of records used in: 1

001 - CONTROL NUMBER

  • control field: 9554

003 - CONTROL NUMBER IDENTIFIER

  • control field: OSt

005 - DATE AND TIME OF LATEST TRANSACTION

  • control field: 20150909135819.0

008 - FIXED-LENGTH DATA ELEMENTS

  • fixed length control field: 150909|| aca||aabn | a|a d

040 ## - CATALOGING SOURCE

  • Original cataloging agency: OSt
  • Transcribing agency: OSt

100 ## - HEADING--PERSONAL NAME

  • Personal name: Thakur, Murari Madhusudan

670 ## - SOURCE DATA FOUND

  • Source citation: Work cat.: (OSt)42100: Thakur, Murari Madhusudan, The Vinaya Patrika An English Rendering, 2008